Digital paper : (Record no. 9370)

MARC details
000 -LEADER
fixed length control field 01645cam a2200373 i 4500
001 - CONTROL NUMBER
control field 17989865
003 - CONTROL NUMBER IDENTIFIER
control field GBCCL
005 - DATE AND TIME OF LATEST TRANSACTION
control field 20241126110710.0
008 - FIXED-LENGTH DATA ELEMENTS--GENERAL INFORMATION
fixed length control field 131223s2014 ilua bf 001 0 eng c
010 ## -
-- 2013050782
020 ## - INTERNATIONAL STANDARD BOOK NUMBER
International Standard Book Number 9780226167640 (cloth : alk. paper)
020 ## - INTERNATIONAL STANDARD BOOK NUMBER
International Standard Book Number 9780226167787 (pbk. : alk. paper)
020 ## - INTERNATIONAL STANDARD BOOK NUMBER
Canceled/invalid ISBN 9780226167817 (e-book)
040 ## - CATALOGING SOURCE
Original cataloging agency ICU/DLC
Language of cataloging eng
Transcribing agency ICU
Description conventions rda
042 ## -
-- pcc
050 00 -
-- LB1047.3
-- .A22 2014
082 00 - DEWEY DECIMAL CLASSIFICATION NUMBER
Classification number 808.02
Edition information 23
Item number ABB
100 1# - MAIN ENTRY--PERSONAL NAME
Personal name Abbott, Andrew Delano,
Relator term author.
9 (RLIN) 16332
245 10 - TITLE STATEMENT
Title Digital paper :
Remainder of title a manual for research and writing with library and internet materials /
Statement of responsibility, etc. Andrew Abbott.
264 #1 - PRODUCTION, PUBLICATION, DISTRIBUTION, MANUFACTURE, AND COPYRIGHT NOTICE
Place of production, publication, distribution, manufacture Chicago ;
-- London :
Name of producer, publisher, distributor, manufacturer The University of Chicago Press,
Date of production, publication, distribution, manufacture, or copyright notice 2014.
300 ## - PHYSICAL DESCRIPTION
Extent xv, 259 pages :
Other physical details illustrations ;
Dimensions 23 cm.
336 ## - CONTENT TYPE
Content type term text
Source rdacontent
337 ## - MEDIA TYPE
Media type term unmediated
Source rdamedia
338 ## - CARRIER TYPE
Carrier type term volume
Source rdacarrier
490 0# - SERIES STATEMENT
Series statement Chicago guides to writing, editing, and publishing
504 ## - BIBLIOGRAPHY, ETC. NOTE
Bibliography, etc. note Includes bibliographical references and index.
505 0# - FORMATTED CONTENTS NOTE
Formatted contents note Introduction -- A library ethnography -- Fundamentals -- The preliminary phase -- Midphase bibliography -- Midphase scanning, browsing, and brute force -- Reading -- Midphase files and organization -- Midphase analysis -- Midphase writing -- Midphase design -- Endphase.
650 #0 - SUBJECT ADDED ENTRY--TOPICAL TERM
Topical term or geographic name entry element Report writing
Form subdivision Handbooks, manuals, etc.
9 (RLIN) 16333
650 #0 - SUBJECT ADDED ENTRY--TOPICAL TERM
Topical term or geographic name entry element Research
Form subdivision Handbooks, manuals, etc.
9 (RLIN) 16334
650 #0 - SUBJECT ADDED ENTRY--TOPICAL TERM
Topical term or geographic name entry element Searching, Bibliographical
Form subdivision Handbooks, manuals, etc.
9 (RLIN) 16335
906 ## - LOCAL DATA ELEMENT F, LDF (RLIN)
a 7
b cbc
c orignew
d 1
e ecip
f 20
g y-gencatlg
942 ## - ADDED ENTRY ELEMENTS (KOHA)
Source of classification or shelving scheme Dewey Decimal Classification
Koha item type Books
Holdings
Withdrawn status Lost status Source of classification or shelving scheme Damaged status Not for loan Home library Current Library Shelving location Date acquired Total checkouts Full call number Barcode Date last seen Copy number Price effective from Koha item type
    Dewey Decimal Classification     GRACE BIBLE COLLEGE GRACE BIBLE COLLEGE General Studies 2022-11-09   808.02 ABB 015855 2025-05-01 c.1 2022-11-09 Books
© Grace Bible College Library 2025